Volatility Forecasting of Non-ferrous Metal Futures: Covariances, Covariates or Combinations?

Komplexná štúdia o prognózovaní realizovanej volatility futures neželezných kovov.

Guardado en:
Detalles Bibliográficos
Autor principal: Lyócsa, Štefan, 1982-
Otros Autores: Molnár, Peter, Todorová, Neda
Formato: Capítulo de libro
Lenguaje:inglés
Materias:
Etiquetas: Agregar Etiqueta
Sin Etiquetas, Sea el primero en etiquetar este registro!

MARC

LEADER 00000naa a2200000 4500
001 0240146
005 20240502083644.0
041 0 |a eng 
044 |a US 
245 1 0 |a Volatility Forecasting of Non-ferrous Metal Futures: Covariances, Covariates or Combinations?  |c Štefan Lyócsa, Peter Molnár, Neda Todorová 
520 |a Komplexná štúdia o prognózovaní realizovanej volatility futures neželezných kovov. 
610 2 0 |a volatilita 
610 2 0 |a futurity 
610 2 0 |a predvídanie 
610 2 0 |a kovy neželezné 
100 1 |a Lyócsa, Štefan, 1982- 
700 1 |a Molnár, Peter 
700 1 |a Todorová, Neda